Catalog

Record Details

Catalog Search



Gott, Menschheit und Ewighkeit  Cover Image Book Book

Gott, Menschheit und Ewighkeit / Erich Sauer

Sauer, Erich (Author).

Record details

  • Physical Description: 202 S.
  • Edition: 2. Aufl.
  • Publisher: Witten Bundes-Verlag 1955

Available copies

  • 1 of 1 copy available at Common Catalog SPOK.

Holds

  • 0 current holds with 1 total copy.
Show Only Available Copies
Location Call Number / Copy Notes Barcode Shelving Location Status Due Date
ETS Library 230.044 424470005291 Volný výběr Available -

LDR 00619nam a2 00241
00141916
003CZ-PrJAB
00520031008000000.0
008030924s1955 xr e |||| |ger
009ge
035 . ‡a(CONS)3308
035 . ‡aKPS11862
040 . ‡aABG450
041 . ‡ager
08214. ‡a230.044
100 . ‡71321 ‡aSauer, Erich
245 . ‡aGott, Menschheit und Ewighkeit / ‡cErich Sauer
250 . ‡a2. Aufl.
260 . ‡aWitten ‡bBundes-Verlag ‡c1955
300 . ‡a202 S.
653 . ‡aGott, Menschheit und Ewighkeit
8524 . ‡bETS ‡bETS ‡cVolný výběr ‡j230.044 ‡gA ‡p424470005291
910 . ‡aABG450
999 . ‡a3308 ‡bAUTOGEN ‡c3308 ‡tbiblio
905 . ‡uadmin
901 . ‡a41916 ‡b ‡c41916 ‡tbiblio ‡sets

Additional Resources